000 nam a22 7a 4500
999 _c9583
_d9583
008 180205b ||||| |||| 00| 0 eng d
100 _aSharma,J.P.
_95731
245 _aEnvironmental Studies-1
260 _aNew Delhi
_bPrachi
_c2015